Building information modeling : a strategic implementation guide for architects, engineers, constructors, and real estate asset managers /

Gespeichert in:
Bibliographische Detailangaben
Hauptverfasser: Smith, Dana K. (VerfasserIn), Tardif, Michael (VerfasserIn)
Format: Buch
Sprache:Englisch
Veröffentlicht: Hoboken : John Wiley & Sons, 2009
Ausgabe:[1st ed.]
Schlagworte:
ISBN:9780470250037
Online-Zugang: Volltext
Tags: Tag hinzufügen
Keine Tags, Fügen Sie den ersten Tag hinzu!

MARC

LEADER 00000nam a2200000 4500
003 SK-BrCVT
005 20220621162920.0
008 100329s2009 xxu e ||||||eng d
020 |a 9780470250037 
035 |a CVTIDW1520727 
040 |b slo  |a CVTI SR  |e AACR2 
041 0 |a eng 
044 |a xxu 
080 |a 69:004.94  |2 UDC-MRF 
080 |a 72.012  |2 UDC-MRF 
100 1 |a Smith, Dana K.  |4 aut 
245 1 0 |a Building information modeling :  |b a strategic implementation guide for architects, engineers, constructors, and real estate asset managers /  |c Dana K. Smith, Michael Tardif 
250 |a [1st ed.] 
260 |a Hoboken :  |b John Wiley & Sons,  |c 2009 
300 |a XXII, 186 s. :  |b fotogr., grafy, lit., obr., tab. ; 
653 1 |a modelovanie budov  |a stavebníctvo  |a životný cyklus  |a nová technológia  |a navrhovanie 
700 1 |a Tardif, Michael  |4 aut 
910 |a BA002  |b A610388 
919 |a 978-0-470-25003-7 
974 |f Knihy 
992 |a ASP 
999 |c 153168  |d 153168